| 000 | 00368 a2200145 4500 | ||
|---|---|---|---|
| 005 | 20250619122854.0 | ||
| 020 | _a978-0-7487-0586-3 | ||
| 082 | _a291 WHI | ||
| 100 | _aWHITING, R. | ||
| 245 | _aReligious for Today. | ||
| 250 | _a3rd Ed. | ||
| 260 |
_aOxford, _bOxford University Press, _c2014. |
||
| 300 |
_axi, 270p.: ill.; _bGlossary & Index. _c24cm. |
||
| 942 |
_2ddc _cBKS |
||
| 999 |
_c249 _d249 |
||